000 00907cam a2200241 4500
001 ABS64837
008 011120n2001 000 0 eng u
035 _a(Sirsi) u115635
100 _aWard, J.
245 4 _aThe battle continues
260 _c2001
490 _aTaxation
_v148(3830) 25 October 2001, 93-95(3)
520 _aExamines some important tax issues for farmers following the Foot and Mouth crisis. The article considers the tax position where compensation is received in respect of production herds. Includes two tables which outline the slaughter scheme proceeds over a thirty month period and the discounted market value of stock.
590 _aABS
650 _aFOOT-AND-MOUTH DISEASE
650 _aMARKET VALUE
650 _aFARMERS
650 _aTAX ISSUES
650 _aCOMPENSATION
650 _aSTOCK VALUATIONS
690 _aRURAL-FARM BUSINESS MANAGEMENT
942 _n0
999 _c68864
_d68864